| 000 | 01083nam a2200205 4500 | ||
|---|---|---|---|
| 003 | NUST | ||
| 005 | 20220309143544.0 | ||
| 008 | 220309b ||||| |||| 00| 0 eng d | ||
| 020 | _a9781498705387 | ||
| 022 | _29781498705387 | ||
| 038 | _aSAIF | ||
| 040 | _aDLC | ||
| 082 |
_a006.312 _bMOH |
||
| 245 |
_aMachine Learning: Algorithms and Applications / _bMohssen Mohammed, Muhammad Badruddin Khan, Eihab Bashier Mohammed Bashier |
||
| 250 | _a1st Edition | ||
| 260 |
_6CRC Press _c2017 |
||
| 500 | _aMachine learning, one of the top emerging sciences, has an extremely broad range of applications. However, many books on the subject provide only a theoretical approach, making it difficult for a newcomer to grasp the subject material. This book provides a more practical approach by explaining the concepts of machine learning algorithms and describing the areas of application for each algorithm, using simple practical examples to demonstrate each algorithm and showing how different issues related to these algorithms are applied. | ||
| 563 | _aH.B | ||
| 942 |
_2ddc _cBKB |
||
| 999 |
_c588701 _d588701 |
||